Statistics for Cabinet of Bill Clinton

Click here to take the quiz!

General Stats

  • This quiz has been taken 7 times
  • The average score is 11 of 49

Answer Stats

HintAnswer% Correct
Sec. of State(1997-2001)Madeleine Albright
100%
AG(1993-2001)Janet Reno
71%
Sec. of Labor(1993-1997)Robert Reich
57%
Sec. of State(1993-1997)Warren Christopher
57%
Sec. of HUD(1997-2001)Andrew Cuomo
43%
UN Ambass(1997-1998)Bill Richardson
43%
Sec. of Energy(1998-2001)Bill Richardson
43%
Sec. of Interior(1993-2001)Bruce Babbitt
43%
Sec. of HHS(1993-2001)Donna Shalala
43%
Sec. of Treasury(1999-2001)Lawrence Summers
43%
Sec. of Defense(1993-1994)Les Aspin
43%
Sec. of Treasury(1993-1994)Lloyd Bentsen
43%
UN Ambass(1993-1997)Madeleine Albright
43%
Sec. of Agriculture(1993-1994)Mike Espy
43%
Sec. of Treasury(1995-1999)Robert Rubin
43%
Sec. of Commerce(1993-1996)Ron Brown
43%
Sec. of Agriculture(1995-2001)Dan Glickman
29%
OMB(1998-2001)Jack Lew
29%
OMB(1993-1994)Leon Panetta
29%
Sec. of Commerce(1996-1997)Mickey Kantor
29%
Sec. of Commerce(2000-2001)Norman Mineta
29%
Sec. of Education(1993-2001)Richard Riley
29%
Sec. of Defense(1997-2001)William Cohen
29%
Sec. of Commerce(1997-2000)William M. Daley
29%
Sec. of Defense(1994-1997)William Perry
29%
Director of Central Intel(1996-2001)George Tenet
14%
SBA(1997-2001)Aida Alvarez
0%
Sec. of Labor(1997-2001)Alexis Herman
0%
OMB(1994-1996)Alice Rivlin
0%
Director of NDCP(1996-2001)Barry McCaffrey
0%
EPA(1993-2001)Carol Browner
0%
US Trade Rep(1996-2001)Charlene Barshefsky
0%
SBA(1993-1994)Erskine Bowles
0%
Sec. of Transportation(1993-1997)Federico Pena
0%
OMB(1996-1998)Franklin Raines
0%
Sec. of Energy(1997-1998)Frederico Pena
0%
Sec. of Energy(1993-1997)Hazel O'Leary
0%
Sec. of HUD(1993-1997)Henry Cisneros
0%
Sec. of VA(2000-2001)Hershel Gober
0%
Director of FEMA(1993-2001)James Witt
0%
Director of Central Intel(1993-1995)James Woosley
0%
Sec. of VA(1993-1997)Jesse Brown
0%
Director of Central Intel(1995-1996)John M. Deutch
0%
Director of NDCP(1993-1996)Lee Brown
0%
US Trade Rep(1993-1996)Mickey Kantor
0%
SBA(1994-1997)Philip Lader
0%
UN Ambass(1999-2001)Richard Holbrooke
0%
Sec. of Transportation(1997-2001)Rodney Slater
0%
Sec. of VA(1998-2000)Togo West
0%

Score Distribution

Percentile by Number Answered

Percent of People with Each Score

Your Score History

You have not taken this quiz